|
|
|
|
| LEADER |
00000nam a22000007a 4500 |
| 005 |
20180406131354.0 |
| 007 |
cr|||| ||| |
| 008 |
180406c20129999mx dr|| ||||| 0|||a1spa d |
| 035 |
|
|
|a 21095
|
| 040 |
|
|
|a vLex
|
| 090 |
|
|
|c 7677
|d 7677
|
| 245 |
0 |
3 |
|a El Economista
|h [Recurso electrn̤ico]
|
| 256 |
|
|
|a Servicio en ln̕ea
|
| 260 |
|
|
|a [S.L.] :
|b Nacer Global,
|c 20? -
|
| 300 |
|
|
|a 1 Recurso electrn̤ico
|
| 506 |
|
|
|a Disponible en los productos indicados
|d vLex Global
|d vLex Global (Academic Edition, excluding Law Schools)
|d vLex Global (U.S. Academic Edition, Law Schools)
|d vLex Global (U.S. Academic Edition, excluding Law Schools)
|d vLex Global (Academic Edition, Law Schools)
|
| 650 |
0 |
4 |
|a Prensa
|z Mx̌ico
|
| 650 |
0 |
4 |
|a Economa̕
|z Mx̌ico
|
| 740 |
0 |
|
|a vLex Revistas (servicio en ln̕ea)
|
| 856 |
4 |
0 |
|u http://vlex.com/source/21095
|z Acceso restringido
|
| 942 |
|
|
|c REV
|
| 999 |
|
|
|a Economics
|